00796nam a2200205 a 450000100100000000500170001000800410002704000130006808200200008110000380010124500560013926000450019530000270024065000280026765000310029504900090032695201170033595201230045299900150057500000979020240412074213.0091001s1990 dr a 000 p spa d aDO-SdBNP aRD861.44bC389f1 aCedeño y Pecunia, Marina92469710aFruto de mis raíces /cMarina Cedeño y Pecunia. aSanto Domingo :bEditorial Gente,c1990. a33 p. :bil. ;c21 cm. 0aPoesía dominicana966 0aLiteratura dominicana.967 aBNPD 0010718PDaPDbPDcCTd2009-10-01iLF1l0oRD861.44 C389fp9790-10r2020-06-25w2020-06-25yLFPDZNo se presta 0010718PDaPDbPDcCTd2009-10-01iLF1l0oRD861.44 C389fp9790-20r2020-06-25te. 2w2020-06-25yLFPDZNo se presta c9549d9549